000 00677cam a22002291 4500
001 sa 64006258
003 DLC
005 20260227112038.0
008 890420q io 000 0 ind
010 _asa 64006258
035 _a(OCoLC)23547081
040 _aDLC
_cMiU
_dDLC
042 _apremarc
043 _aa-io---
050 0 0 _aHC447
_b.S82
100 0 _aSoekarno,
_d1901-1970.
245 1 0 _aPimpinan ekonomi nasional dalam tahun 1962;
_bamanat, instruksi, keputusan operasi ekonomi.
260 _a[Djakarta]
_bDepartemen Penerangan
_c[cover 1962]
300 _a23 p.
_c21 cm.
651 0 _aIndonesia
_xEconomic policy.
710 1 _aIndonesia.
_kLaws, statutes, etc.
999 _c59592
_d59592